باروں کی بارات (Record no. 28773)
[ view plain ]
| 000 -LEADER | |
|---|---|
| fixed length control field | 00367nam a2200145Ia 4500 |
| 008 - FIXED-LENGTH DATA ELEMENTS--GENERAL INFORMATION | |
| fixed length control field | 230718s9999 xx 000 0 und d |
| 041 ## - LANGUAGE CODE | |
| -- | Eng. |
| 082 ## - DEWEY DECIMAL CLASSIFICATION NUMBER | |
| Classification number | 928 |
| Item number | آبا-ب |
| 100 ## - MAIN ENTRY--AUTHOR | |
| Author Name | آبادی ، بوش پیچ |
| 245 #0 - TITLE STATEMENT | |
| Title | باروں کی بارات |
| 260 ## - PUBLICATION, DISTRIBUTION, ETC. | |
| Place of Publication | Pakistan |
| Name of publisher, distributor, etc. | امرود پنہاں ہو۔ |
| Date of publication, distribution, etc. | 1925 |
| 300 ## - PHYSICAL DESCRIPTION | |
| Pages | 200 |
| 650 ## - SUBJECT ADDED ENTRY--TOPICAL TERM | |
| Subject / Department | Law |
| 952 ## - LOCATION AND ITEM INFORMATION (KOHA) | |
| -- | 0 |
| -- | 0 |
| Lost status | Damaged status | Permanent Location | Current Location | Date acquired | Full Call Number | Accession No./Barcode | Date last seen | item type |
|---|---|---|---|---|---|---|---|---|
| Superior Information Resource Center (SIRC) Superior University-Law Campus | Superior Information Resource Center (SIRC) Superior University-Law Campus | 07/18/2023 | 928 آبا-ب | 23724 | 07/18/2023 | BOOK |
